Rekordy Świata ustanawiane przez Reprezentantów Polski w Lekkoatletyce - Statystyki

Ogólne statystyki
  • Ten quiz został rozwiązany 22 razy
  • Średni wynik to 23 z 51
Statystyki odpowiedzi
Dyscyplina Rok pobicia rekordu świata Wynik / Rezultat Nazwisko sportowca % Poprawnych
Rzut Młotem ( K ) 2009 77.96 Anita Włodarczyk
90%
Rzut Młotem ( K ) 2010 78.30 Anita Włodarczyk
90%
Rzut Młotem ( K ) 2014 79.58 Anita Włodarczyk
90%
Rzut Młotem ( K ) 2015 81.08 Anita Włodarczyk
90%
Rzut Młotem ( K ) 2016 82.29 Anita Włodarczyk
90%
Rzut Młotem ( K ) 2016 82.98 Anita Włodarczyk
90%
400 m ( K ) 1976 49.29 Irena Szewińska
90%
Chód 50 km ( M ) 2002 3:36:39 Robert Korzeniowski
90%
Chód 50 km ( M ) 2003 3:36:03 Robert Korzeniowski
90%
400 m ( K ) 1974 49.9 Irena Szewińska
85%
400 m ( K ) 1976 49.75 Irena Szewińska
85%
200 m ( K ) 1968 22.5 Irena Szewińska
70%
200 m ( K ) 1974 22.1 Irena Szewińska
70%
Skok o Tyczce ( M ) 1980 5.72 Władysław Kozakiewicz
70%
Skok o Tyczce ( M ) 1980 5.78 Władysław Kozakiewicz
70%
200 m ( K ) 1965 22.7 Irena Szewińska
65%
Rzut Dyskiem ( K ) 1927 39.18 Halina Konopacka
60%
Rzut Dyskiem ( K ) 1928 39.62 Halina Konopacka
60%
Rzut Dyskiem ( K ) 1926 34.15 Halina Konopacka
55%
100 m ( K ) 1968 11.1 Irena Szewińska
50%
Skok Wzwyż ( M ) 1980 2.35 Jacek Wszoła
50%
100 m ( K ) 1933 11.9 Stanisława Walasiewicz
50%
100 m ( K ) 1933 11.8 Stanisława Walasiewicz
50%
100 m ( K ) 1934 11.7 Stanisława Walasiewicz
50%
100 m ( K ) 1937 11.6 Stanisława Walasiewicz
50%
100 m ( K ) 1965 11.1 Irena Szewińska
45%
200 m ( K ) 1935 23.6 Stanisława Walasiewicz
40%
Rzut Oszczepem ( M ) 1956 83.66 Janusz Sidło
35%
Skok w dal ( K ) 1956 6.35 Elżbieta Krzesińska
30%
Skok w dal ( K ) 1956 6.35 Elżbieta Krzesińska
30%
100 m przez płotki ( K ) 1978 12.48 Grażyna Rabsztyn
25%
100 m przez płotki ( K ) 1980 12.36 Grażyna Rabsztyn
25%
Rzut Dyskiem ( K ) 1932 40.345 Jadwiga Wajs
25%
Rzut Dyskiem ( K ) 1932 40.39 Jadwiga Wajs
25%
Rzut Dyskiem ( K ) 1932 42.43 Jadwiga Wajs
25%
Rzut Dyskiem ( K ) 1933 43.08 Jadwiga Wajs
25%
Rzut Dyskiem ( K ) 1934 43.795 Jadwiga Wajs
25%
Rzut Dyskiem ( M ) 1959 59.91 Edmund Piątkowski
20%
3000 m z przeszkodami ( M ) 1960 8:31.4 Zdzisław Krzyszkowiak
20%
3000 m z przeszkodami ( M ) 1961 8:30.4 Zdzisław Krzyszkowiak
20%
3000 m z przeszkodami ( M ) 1955 8.41.2 Jerzy Chromik
15%
3000 m z przeszkodami ( M ) 1955 8:40.2 Jerzy Chromik
15%
3000 m z przeszkodami ( M ) 1958 8:32.0 Jerzy Chromik
15%
Rzut Oszczepem ( K ) 1972 62.70 Ewa Gryziecka
5%
3000 m z przeszkodami ( K ) 2001 9:25.31 Justyna Bąk
5%
3000 m z przeszkodami ( K ) 2002 9:22.29 Justyna Bąk
5%
100 m przez płotki ( K ) 1969 13.3 Teresa Sukniewicz
5%
100 m przez płotki ( K ) 1970 12.8 Teresa Sukniewicz
5%
100 m przez płotki ( K ) 1970 12.7 Teresa Sukniewicz
5%
100 m ( K ) 1965 11.1 Ewa Kłobułowska
0%
Pchnięcie Kulą ( M ) 1932 16.05 Zygmunt Heljasz
0%
Nie znaleziono quizów pasujących do podanych kryteriów
Rozkład punktacji
Procent ludzi z każdym wynikiem
Percentyl według liczby udzielonych odpowiedzi
Twoja historia wyników
Nie rozwiązałeś tego quizu